00249nam a2200109Ia 4500008004100000100002100041245001300062260002600075650001400101942000700115999001700122190216s9999||||xx |||||||||||||| ||und|| aMohana Varma K L 0aMochanam bPoorna Pubs Kozhikode aMalayalam cBK c25143d25143